| 000 | 01119cam a2200313 a 4500 | ||
|---|---|---|---|
| 001 | 15189157 | ||
| 005 | 20080728160649.0 | ||
| 008 | 080221s2007 enka |rb 001 0 eng | ||
| 010 | _a 2008360696 | ||
| 015 |
_aGBA6A5800 _2bnb |
||
| 016 | 7 |
_a013629141 _2Uk |
|
| 020 | _a9780340927458 (pbk.) | ||
| 020 | _a0340927453 (pbk.) | ||
| 035 | _a(OCoLC)ocm77256503 | ||
| 040 |
_aUKM _cUKM _dBAKER _dYDXCP _dDLC |
||
| 042 | _alccopycat | ||
| 050 | 0 | 0 |
_aBF636 _b.A66 2007 |
| 082 | 0 | 0 |
_a158 _222 _bPSY |
| 245 | 0 | 0 |
_aApplied Psychology / _cHugh Coolican, [editor]. |
| 250 | _a2nd ed. | ||
| 260 |
_aLondon : _bHodder Arnold, 2007 _c2007. |
||
| 300 |
_ax, 318 p. : _bill. ; _c25 cm. |
||
| 504 | _aIncludes bibliographical references (p. [281]-306) and index. | ||
| 650 | 0 |
_aPsychology, Applied. _912613 |
|
| 700 | 1 |
_aCoolican, Hugh. _912614 |
|
| 942 |
_2ddc _cBB |
||
| 999 |
_c13663 _d13663 |
||